000 01060cam a2200301 i 4500
001 18063654
003 EG-ScBUE
005 20241215121127.0
008 140311s2014 enka f b f001 0 eng d
020 _a9781107658790 (pbk.)
040 _aDLC
_beng
_erda
_cDLC
_dDLC
_dEG-ScBUE
082 0 4 _a519.6
_222
_bGUE
100 1 _aGuenin, B.
_q(Bertrand)
_eauthor.
_938753
245 1 2 _aA gentle introduction to optimization /
_cB. Guenin, J. Konemann, L. Tuncel, University of Waterloo, Ontario.
264 1 _aCambrige :
_bCambrige University Press,
_c2014.
300 _axi, 269 pages :
_billustrations (some color) ;
_c26 cm
336 _2rdacontent
_atext
_btxt
337 _2rdamedia
_aunmediated
_bn
338 _2rdacarrier
_avolume
_bnc
504 _aIncludes bibliographical references and index.
650 7 _aMathematical optimization.
_2BUEsh
651 _2BUEsh
653 _bCOMSCI
_cAugust2015
_cNovember2015
655 _vReading book
700 1 _aKonemann, J.
_q(Jochen)
_eauthor.
700 1 _aTuncel, Levent,
_d1965-
_eauthor.
942 _2ddc
_cBB
999 _c20569
_d20541